LEADER 00438nam 2200169z- 450 001 9910773679503321 035 $a(WsH)locagiq 035 $a(CKB)5490000000494146 035 $a(EXLCZ)995490000000494146 100 $a20230719c1995uuuu -u- - 101 0 $aeng 200 10$aSlovakia: Legislative Process 517 $aSlovakia 906 $aBOOK 912 $a9910773679503321 996 $aSlovakia: Legislative Process$93666028 997 $aUNINA